| 000 | 01129cam a22002174a 4500 | ||
|---|---|---|---|
| 005 | 20250605164242.0 | ||
| 008 | 250528s ||||||||||||||||||||||||d | ||
| 035 | _a21368 | ||
| 020 | _a9780446563048 | ||
| 040 |
_aGR-AtMCL _bgre _dGR-AtMCL _eAACR2 |
||
| 245 | 1 | _aDelivering Happiness / A Path to Profits, Passion, and Purpose | |
| 250 | _a1st | ||
| 260 |
_bBusiness Plus, _c2010 |
||
| 300 | _a260 | ||
| 505 | 0 | _aPreface, Introduction: Finding My Way, Profits, In Search of Profits, You Win Some and You Lose Some, Diversity, Profits and Passion, Concentrate Your Position, Platform For Growth: Brand and Culture and Pipeline, Profits and Passion and Purpose, Taking It to the Next Level, End Game, Epilogue, Index. | |
| 520 | _aPreface, Introduction: Finding My Way, Profits, In Search of Profits, You Win Some and You Lose Some, Diversity, Profits and Passion, Concentrate Your Position, Platform For Growth: Brand and Culture and Pipeline, Profits and Passion and Purpose, Taking It to the Next Level, End Game, Epilogue, Index. | ||
| 942 | _cBK | ||
| 700 | 1 |
_aHsieh Tony _97420 |
|
| 999 |
_c6432 _d6432 |
||